Normal view
MARC view
- A digest of new developments in Army weapons, tactics, organization and equipment
Entry Topical Term
001 - CONTROL NUMBER
- control field: 105766
003 - CONTROL NUMBER IDENTIFIER
- control field: NUST
005 - DATE AND TIME OF LATEST TRANSACTION
- control field: 20221223143041.0
008 - FIXED-LENGTH DATA ELEMENTS
- fixed length control field: 221223|| aca||aabn | a|a d
040 ## - CATALOGING SOURCE
- Original cataloging agency: NUST
- Transcribing agency: NUST
150 ## - HEADING--TOPICAL TERM
- Topical term or geographic name entry element: A digest of new developments in Army weapons, tactics, organization and equipment
670 ## - SOURCE DATA FOUND
- Source citation: Work cat.: (NUST)185144: Worley, Marvin L. 48769, A digest of new developments in Army weapons :, 1959
